ՀՀ Գիտությունների ազգային ակադեմիայի հիմնարար գիտական գրադարան  =   Fundamental Scientific Library of NAS RA

Оптимизационные и экономико-статистические методы в перспективном отраслевом планировании / (Record no. 346033)

MARC details
000 -LEADER
fixed length control field 01005nam a2200205 a 4500
001 - CONTROL NUMBER
control field 001065627
003 - CONTROL NUMBER IDENTIFIER
control field AM-YeHGA
005 - DATE AND TIME OF LATEST TRANSACTION
control field 20250617151145.0
008 - FIXED-LENGTH DATA ELEMENTS--GENERAL INFORMATION
fixed length control field 150313s1975 ||| r 000 0 rus d
040 ## - CATALOGING SOURCE
Original cataloging agency AM-YeHGA
041 0# - LANGUAGE CODE
Language code of text/sound track or separate title rus
090 ## - LOCALLY ASSIGNED LC-TYPE CALL NUMBER (OCLC); LOCAL CALL NUMBER (RLIN)
-- 347834
245 00 - TITLE STATEMENT
Title Оптимизационные и экономико-статистические методы в перспективном отраслевом планировании /
Statement of responsibility, etc. Отв. ред. Л.А. Козлов, З.Р. Цимдина.
260 ## - PUBLICATION, DISTRIBUTION, ETC.
Place of publication, distribution, etc. Новосибирск :
Name of publisher, distributor, etc. Наука,
Date of publication, distribution, etc. 1975.
300 ## - PHYSICAL DESCRIPTION
Extent 200 с.
440 #0 - SERIES STATEMENT/ADDED ENTRY--TITLE
Title Оптимизация развития и размещения производства
653 0# - INDEX TERM--UNCONTROLLED
Uncontrolled term Экономико-статистические модели для прогнозирования в промышленности
700 1# - ADDED ENTRY--PERSONAL NAME
Personal name Козлов, Леонард Александрович
Relator term ред.
Relationship edt
700 1# - ADDED ENTRY--PERSONAL NAME
Personal name Цимдина, Зинаида Рихардовна
Relator term ред.
Relationship edt
Holdings
Withdrawn status Lost status Source of classification or shelving scheme Damaged status Not for loan Collection Home library Current library Date acquired Total checkouts Full call number Barcode Date last seen Price effective from Koha item type Public note
    Universal Decimal Classification     General Fundamental Scientific Library Fundamental Scientific Library 09/01/2017   PII/363197 FL0326605 09/01/2017 09/01/2017 Գրքեր / Books 30 Days Loan


ՀՀ ԳԱԱ հիմնարար գիտական գրադարան
ՀՀ,Երևան 0019
Մարշալ Բաղրամյան 24/6
հեռախոս:(374-10) 52-47-50
Հետադարձ կապ

All site content, except where otherwise noted, is licensed under a
Creative Commons License